Capitale d'Europe par ordre alphabétique - Statistiques

Statistiques générales
  • Ce quiz a été pris 274 fois
  • Le résultat moyen est 31 sur 44
Statistiques - réponses
Pays Capitale % Correct
Pays-Bas Amsterdam
96%
Andorre Andorre-la-Vieille
91%
Allemagne Berlin
84%
Grèce Athènes
82%
Suisse Berne
81%
Belgique Bruxelles
81%
Roumanie Bucarest
80%
Hongrie Budapest
80%
Danemark Copenhague
79%
Irlande Dublin
78%
Slovaquie Bratislava
77%
Finlande Helsinki
75%
Portugal Lisbonne
75%
Serbie Belgrade
73%
Ukraine Kiev
73%
France Paris
73%
Royaume-Uni Londres
72%
Croatie Zagreb
71%
Espagne Madrid
70%
Luxembourg Luxembourg
69%
Norvège Oslo
69%
Pologne Varsovie
69%
Lituanie Vilnius
69%
Biélorussie Minsk
68%
Autriche Vienne
68%
Moldavie Chisinau
67%
Slovénie Ljubljana
67%
Malte La Valette
66%
Italie Rome
66%
République tchèque Prague
64%
Lettonie Riga
64%
Estonie Tallinn
64%
Monaco Monaco
62%
Russie Moscou
62%
Bulgarie Sofia
62%
Suède Stockholm
62%
Liechtenstein Vaduz
62%
Islande Reykjavik
59%
Monténégro Podgorica
57%
Saint-Marin Saint-Marin
57%
Kosovo Pristina
56%
Bosnie-Herzégovine Sarajevo
56%
Albanie Tirana
55%
Macédoine du Nord Skopje
54%
Aucun quiz correspondant
Distribution des résultats
% des personnes avec chaque résultat
Percentile par nombre de réponses
Votre historique - résultats
Vous n’avez pas pris ce quiz